Loading...
| Science - Physics | 0 | 5 | 1 | 0 | 45 | 39 | 55.60 | 1 | 5 | 19.60 | 31.67 |
| Social Science | 0 | 4 | 0 | 0 | 40 | 72 | 75.75 | 2 | 4 | 12.37 | 37.78 |
| History - Other | 0 | 3 | 0 | 1 | 30 | 64 | 93.33 | 1 | 1 | 3.81 | 11.67 |
| History - World | 0 | 3 | 0 | 1 | 30 | 70 | 92.00 | 1 | 2 | 3.28 | 11.67 |
| Science - Other | 0 | 4 | 2 | 0 | 30 | 72 | 79.00 | 0 | 3 | 10.86 | 20.00 |
| Science - Chemistry | 0 | 3 | 1 | 0 | 25 | 76 | 97.67 | 1 | 3 | 3.79 | 18.33 |
| Mythology | 0 | 2 | 0 | 0 | 20 | 32 | 63.00 | 1 | 1 | 5.91 | 10.00 |
| Fine Arts - Other | 0 | 2 | 0 | 0 | 20 | 73 | 86.00 | 1 | 2 | 4.09 | 13.33 |
| Geography | 0 | 2 | 0 | 0 | 20 | 62 | 67.00 | 1 | 2 | 11.52 | 25.71 |
| Current Events | 0 | 2 | 0 | 0 | 20 | 8 | 42.00 | 2 | 2 | 24.95 | 40.00 |
| Philosophy | 0 | 2 | 0 | 0 | 20 | 34 | 55.00 | 0 | 2 | 10.28 | 15.56 |
| Religion | 0 | 2 | 0 | 0 | 20 | 63 | 73.00 | 0 | 2 | 5.61 | 10.00 |
| Science - Biology | 0 | 2 | 0 | 0 | 20 | 78 | 88.00 | 0 | 2 | 2.31 | 8.33 |
| Fine Arts - Classical Music | 0 | 1 | 0 | 0 | 10 | 113 | 113.00 | 1 | 1 | 0.98 | 6.67 |
| Literature - British | 0 | 1 | 0 | 0 | 10 | 76 | 76.00 | 0 | 1 | 2.68 | 5.00 |
| Popular Culture | 0 | 1 | 0 | 0 | 10 | 51 | 51.00 | 0 | 1 | 8.94 | 6.67 |
| History - American | 0 | 1 | 0 | 0 | 10 | 86 | 86.00 | 0 | 1 | 2.41 | 5.00 |
| History - European | 0 | 1 | 1 | 0 | 5 | 58 | 58.00 | 0 | 1 | 3.64 | 5.00 |